Sugar from Canada
Wedi'i Gadw mewn:
| Prif Awdur: | |
|---|---|
| Fformat: | Llyfr |
| Iaith: | Undetermined |
| Cyhoeddwyd: |
Washington
U.S. International trade commission
1979
|
| Pynciau: | |
| Tagiau: |
Ychwanegu Tag
Dim Tagiau, Byddwch y cyntaf i dagio'r cofnod hwn!
|
| Thư viện lưu trữ: | Trung tâm Học liệu Trường Đại học Cần Thơ |
|---|
| LEADER | 00538nam a2200193Ia 4500 | ||
|---|---|---|---|
| 001 | CTU_77415 | ||
| 008 | 210402s9999 xx 000 0 und d | ||
| 082 | |a 382 | ||
| 082 | |b E11 | ||
| 100 | |a Burghart, Harold E. | ||
| 245 | 0 | |a Sugar from Canada | |
| 245 | 0 | |c Harold E. Burghart | |
| 260 | |a Washington | ||
| 260 | |b U.S. International trade commission | ||
| 260 | |c 1979 | ||
| 650 | |a Import quotas,Sugar trade | ||
| 650 | |z United states,Canada | ||
| 904 | |i Trọng Hải | ||
| 980 | |a Trung tâm Học liệu Trường Đại học Cần Thơ | ||